MARC

Tag First Indicator Second Indicator Subfields
LEADER 00000cam a22000008i 4500
001 in00003780098
005 20170927140126.0
008 160303s2016 cauab b 001 0 eng c
010 |a  2016010624 
020 |a 9780804796668  |q (cloth :  |q alk. paper) 
020 |a 0804796661 
035 |a (OCoLC)ocn932385995 
035 |a (OCoLC)932385995 
040 |a CSt/DLC  |b eng  |e rda  |c STF  |d DLC  |d YDXCP  |d BTCTA  |d BDX  |d OCLCO  |d ERASA  |d OCLCF  |d OCLCO  |d TXA  |d UtOrBLW 
042 |a pcc 
043 |a e-cs---  |a e-hu--- 
049 |a TXAM 
050 0 0 |a DK508.9.Z35  |b S44 2016 
082 0 0 |a 947.7/9084  |2 23 
100 1 |a Segal, Raz,  |e author.  |0 http://id.loc.gov/authorities/names/no2012026331 
245 1 0 |a Genocide in the Carpathians :  |b war, social breakdown, and mass violence, 1914-1945 /  |c Raz Segal. 
263 |a 1604 
264 1 |a Stanford, California :  |b Stanford University Press,  |c 2016. 
300 |a xiii, 211 pages :  |b illustrations, maps ;  |c 24 cm 
336 |a text  |b txt  |2 rdacontent 
337 |a unmediated  |b n  |2 rdamedia 
338 |a volume  |b nc  |2 rdacarrier 
490 1 |a Stanford studies on Central and Eastern Europe 
504 |a Includes bibliographical references and index. 
505 0 |a Subcarpathian Rus until World War I : a culture across ethnic and religious boundaries -- The world beyond the mountains : embittered and embattled modernists in interwar Czechoslovakia -- A little world war : Carpatho-Ukraine -- A big world war : "Greater Hungary" and genocide in the Carpathians -- Site of hatreds : destruction in Subcarpathian Rus. 
650 0 |a Genocide  |z Ruthenia (Czechoslovakia)  |x History  |y 20th century. 
651 0 |a Ruthenia (Czechoslovakia)  |x Ethnic relations  |x Political aspects. 
650 0 |a World War, 1939-1945  |x Atrocities  |z Ruthenia (Czechoslovakia) 
650 0 |a State-sponsored terrorism  |z Hungary  |x History  |y 20th century. 
650 0 |a Holocaust, Jewish (1939-1945)  |z Ruthenia (Czechoslovakia) 
651 0 |a Hungary  |x Relations  |z Ruthenia (Czechoslovakia) 
651 0 |a Ruthenia (Czechoslovakia)  |x Relations  |z Hungary. 
611 0 7 |a Holocaust, Jewish (1939-1945)  |2 fast  |0 (OCoLC)fst00958866 
611 2 7 |a World War (1939-1945)  |2 fast  |0 (OCoLC)fst01180924 
650 7 |a Atrocities.  |2 fast  |0 (OCoLC)fst00820727 
650 7 |a Ethnic relations  |x Political aspects.  |2 fast  |0 (OCoLC)fst00916013 
650 7 |a Genocide.  |2 fast  |0 (OCoLC)fst00940208 
650 7 |a International relations.  |2 fast  |0 (OCoLC)fst00977053 
650 7 |a State-sponsored terrorism.  |2 fast  |0 (OCoLC)fst01131965 
651 7 |a Czechoslovakia  |z Ruthenia.  |2 fast  |0 (OCoLC)fst01219366 
651 7 |a Hungary.  |2 fast  |0 (OCoLC)fst01205132 
648 7 |a 1900-1999  |2 fast 
655 7 |a History.  |2 fast  |0 (OCoLC)fst01411628 
776 0 8 |i Online version:  |a Segal, Raz, author.  |t Genocide in the Carpathians  |d Stanford, California : Stanford University Press, 2016  |z 9780804798976  |w (DLC) 2016011000 
830 0 |a Stanford studies on Central and Eastern Europe.  |0 http://id.loc.gov/authorities/names/no2011031721 
945 |a PromptCat 
948 |a cataloged  |b h  |c 2016/6/15  |d c  |e jlanham  |f 2:02:51 pm 
994 |a C0  |b TXA 
999 f f |s 596e086e-b137-32a2-86a6-ef3f158ec6ab  |i fceb6a11-e1f3-3988-b00f-75ccec728a68  |t 0 
952 f f |p normal  |a Texas A&M University  |b College Station  |c Sterling C. Evans Library  |d Evans: Library Stacks  |t 0  |e DK508.9.Z35 S44 2016  |h Library of Congress classification  |i unmediated -- volume  |m A14843414914 
998 f f |a DK508.9.Z35 S44 2016  |t 0  |l Evans: Library Stacks